000 00489nam a2200181Ia 4500
005 20250326125603.0
008 250326s9999 xx 000 0 und d
037 _aTextbook
040 _aFMSL
_beng
_cFMSL
041 _aeng
_2eng
084 _aX:512 K8;L03
_qFMSL
100 _aBattersby A
245 0 _aSales forecasting
_cBattersby A
260 _aEngland
_bEngland, Penguin Books
_c1968
300 _a163p
942 _cTB
_hX:512 K8;L03
999 _c1278691
_d1278691